000 00515nam a2200181Ia 4500
008 240925s9999 xx 000 0 und d
020 _a675204496
082 _a621.38102 BER
100 _aBerlin ,Howard M.; Getz ,Frank C.
245 0 _aPrinciples of Electronic Instrumentation and Measurement
250 _aNA
260 _aCalifornia:
_bBrooks/Cole Cengagae Learning
_c,1988.
300 _axx,891p.
_bNA
_fOriginal
500 _aNA
600 _aElectronic Engineering
650 _aTechnology
942 _cBK
999 _c9281
_d9281